Tholikkaruppu(തോലിക്കറുപ്പ് വെറുപ്പിൻ്റെ ആഴങ്ങൾ) (Record no. 115267)

MARC details
000 -LEADER
fixed length control field 00296 a2200097 4500
020 ## - INTERNATIONAL STANDARD BOOK NUMBER
International Standard Book Number 9789370983090
100 ## - MAIN ENTRY--PERSONAL NAME
Personal name Rekha Raj, ed.
245 ## - TITLE STATEMENT
Title Tholikkaruppu(തോലിക്കറുപ്പ് വെറുപ്പിൻ്റെ ആഴങ്ങൾ)
260 ## - PUBLICATION, DISTRIBUTION, ETC. (IMPRINT)
Name of publisher, distributor, etc D C books
Date of publication, distribution, etc 2025
942 ## - ADDED ENTRY ELEMENTS (KOHA)
Koha item type On order/under processing
Holdings
Withdrawn status Lost status Damaged status Not for loan Home library Current library Date acquired Source of acquisition Cost, normal purchase price Total Checkouts Barcode Date last seen Cost, replacement price Price effective from Koha item type
        University Library University Library 27/02/2026 275 113.34   00097346 27/02/2026 170.00 27/02/2026 On order/under processing
University Library, CUSAT